000 00795nam a22002417a 4500
001 78252
003 BD-RjUL
005 20211209083117.0
008 210829s2020 bg ||||| |||| 00| 0 ben d
020 _a9848391339
_c: Tk. 320.00
035 _a(BD-RjUL)78478
040 _aBD-RjUL
_bben
_cBD-RjUL
041 _aben
082 _223
_a891.443
_bROA 2020
100 _aরায়, চামেলী
_9247207
245 1 0 _aউত্তরণ /
_cচামেলী রায়
250 _a২য় সং.
260 _aঢাকা :
_bজাতীয় সাহিত্য প্রকাশ,
_c২০২০
300 _a১৬৫ পৃ.;
_c২২ সেমি.
650 _aবাংলা উপন্যাস
_9247208
650 _aBengali novels
_9247209
942 _2ddc
_cBK
999 _c78252
_d78252